Capitals by Flags:: Guess world capitals based on the flag - Statistics

General Stats
  • This quiz has been taken 42 times
  • The average score is 15 of 16
Answer Stats
Picture Answer % Correct
Beijing
100%
Bern
100%
Madrid
100%
Rome
100%
Tokyo
100%
New Delhi
96%
Riyadh
96%
Algiers
89%
Baku
89%
Caracas
89%
Islamabad
89%
Kuala Lumpur
89%
Prague
89%
Tbilisi
85%
Lilongwe
81%
Bangui
74%
No matching quizzes found
Score Distribution
Percent of People with Each Score
Percentile by Number Answered
Your Score History
You have not taken this quiz